Assessing the State of web Journalism (Record no. 650)

MARC details
000 -LEADER
Fixed length control field 00455nam a2200169 4500
003 - CONTROL NUMBER IDENTIFIER
Control field SEACOMMC
005 - DATE AND TIME OF LATEST TRANSACTION
Control field 20250421155247.0
008 - FIXED-LENGTH DATA ELEMENTS--GENERAL INFORMATION
Fixed length control field 241015b |||||||| |||| 00| 0 eng d
020 ## - INTERNATIONAL STANDARD BOOK NUMBER / ISBN
International Standard Book Number 81-72732-08-2
Price Rs.300.00
040 ## - CATALOGING SOURCE
Original cataloging agency SEACOMMC
082 ## - DEWEY DECIMAL CLASSIFICATION NUMBER
Classification number 070
Book Number S 562
100 ## - MAIN ENTRY--PERSONAL NAME
Personal name Nath, Shyam
245 1# - TITLE STATEMENT
Title Assessing the State of web Journalism
Statement of responsibility Shyam Nath
260 ## - IMPRINT
Place of publication Delhi
Name of publisher Authors Press
Date of publication 2005
650 ## - SUBJECT ADDED ENTRY--TOPICAL TERM
Topical term Newspapers and Journalism
942 ## - ADDED ENTRY ELEMENTS (KOHA)
Koha item type Books
Holdings
Withdrawn status Lost status Source of classification Damaged status Not for loan Home library Current library Date acquired Total Checkouts Call number Accession number Date last seen Price effective from Koha item type Copy number
    Dewey Decimal Classification     SEACOM MANAGEMENT COLLEGE SEACOM MANAGEMENT COLLEGE 11/10/2007   070 S 562 M-481 15/10/2024 15/10/2024 Books  
    Dewey Decimal Classification     SEACOM MANAGEMENT COLLEGE SEACOM MANAGEMENT COLLEGE 11/10/2007   070 S 562 M-482 15/10/2024 15/10/2024 Books 1
    Dewey Decimal Classification     SEACOM MANAGEMENT COLLEGE SEACOM MANAGEMENT COLLEGE 11/10/2007   070 S 562 M-483 15/10/2024 15/10/2024 Books 2
    Dewey Decimal Classification     SEACOM MANAGEMENT COLLEGE SEACOM MANAGEMENT COLLEGE 11/10/2007   070 S 562 M-484 15/10/2024 15/10/2024 Books 3
    Dewey Decimal Classification     SEACOM MANAGEMENT COLLEGE SEACOM MANAGEMENT COLLEGE 11/10/2007   070 S 562 M-485 15/10/2024 15/10/2024 Books 4
© Seacom Engineering College, All rights reserved.    Powered by Koha